Poľovnícke obhospodarovanie vyhradených poľovných revírov Technickej univerzity v školskom lesnom podniku vo Zvolene vo výsledkoch za poľovnícku sezónu 1995/1996

Bibliographic Details
Main Author: Garaj, Peter (Author)
Format: Book
Language:Slovak
PhysicalDescription:99 s. fotogr., tab. 21 cm
Published: Zvolen Technická univerzita 1996
ISBN:8022805513
Subjects:

MARC

LEADER 00000nam a2200000 a 4500
001 vtls001225447
003 SK-MaSNL
005 20260301112723.0
008 240314s1996 xo a y 0 slo
015 |a SNBE1997/03-00863 
020 |a 8022805513 
035 |a SNK000172434 
035 |a urn:nbn:sk:snk-amkfqv 
035 |a urn:nbn:sk:snk-am008fot 
035 |a E7EFA308-9B1B-4598-8C52-4864F5685E23 
040 |a SNK  |b slo  |c SNK  |e AACR2 
041 0 |a slo 
044 |a xo  |c SK 
080 |a 378.4.096:630(083.9)"1995/1996"  |2 1981 
100 1 |a Garaj, Peter  |4 aut  |9 312121 
245 1 0 |a Poľovnícke obhospodarovanie vyhradených poľovných revírov Technickej univerzity v školskom lesnom podniku vo Zvolene vo výsledkoch za poľovnícku sezónu 1995/1996  |c Peter Garaj 
260 |a Zvolen  |b Technická univerzita  |c 1996 
300 |a 99 s.  |b fotogr., tab.  |c 21 cm 
500 |a 75 výt. 
610 2 7 |a Technická univerzita vo Zvolene.  |b Lesnícka fakulta.  |b Vysokoškolský lesnícky podnik  |9 453853 
648 7 |a 1995-1996  |2 SNK  |9 283459 
655 7 |a informačné publikácie  |2 SNK  |9 70181 
919 |a 80-228-0551-3 
958 |a TL 
999 |c 711351  |d 713281 
952 |t P60, <03>, [BOOK], {603}  |a SNK  |b SNK  |y PREZ  |7 0  |p 17A0033457  |o snkSC 92048  |i snkKSP 513/97  |0 0  |1 0  |4 0  |d 1997-01-22  |f 1  |l 0  |r 2025-09-10 00:00:00  |w 2026-02-23 
952 |t P60, <09>, [BOOK], {629}  |a SNK  |b SNK  |y NEVYP  |7 0  |o snkC 92  |i snk197/970123  |0 0  |1 0  |4 0  |d 1997-01-22  |l 0  |r 2005-01-01 00:00:00  |w 2026-02-23 
952 |t P60, <04>, [BOOK], {604}  |a SNK  |b SNK  |y VYP  |7 0  |p 17A0033456  |o snkSC 92048 D1  |i snkKSP 514/97  |0 0  |1 0  |4 0  |d 1997-01-22  |l 0  |r 2005-01-01 00:00:00  |w 2026-02-23